00380nam a22001097a 4500040000900000082001200009100002300021110003100044245014100075260004400216650001000260 cNUST a200 THE aAijaz Danish Azeem aSupervisor Dr. Yasir Ahmad aTH-SOF-2205-Optimizing Gas Management System Through Underground Gas Storage Facilities: A Case of Securing Energy Resources in Pakistan aISLAMABAD:bNUST COLLEGE OF EME,c2023. aMS-EM